Capital: Manifesto of the communist party (Record no. 36177)

MARC details
000 -LEADER
fixed length control field 00320nam a2200121Ia 4500
082 ## - DEWEY DECIMAL CLASSIFICATION NUMBER
Classification number 330.4
Item number MAR
100 ## - MAIN ENTRY--AUTHOR NAME
Personal name Engels, Friedrich
245 #0 - TITLE STATEMENT
Title Capital: Manifesto of the communist party
260 ## - PUBLICATION, DISTRIBUTION, ETC. (IMPRINT)
Place of publication Chicago
Name of publisher William Benton
Year of publication 1952
700 ## - ADDED ENTRY--PERSONAL NAME
Personal name Marx, Karl
942 ## - ADDED ENTRY ELEMENTS (KOHA)
Koha item type Books
Holdings
Withdrawn status Lost status Damaged status Not for loan Home library Current library Date acquired Cost, normal purchase price Full call number Accession Number Koha item type
        RRII Library RRII Library 16/12/2021 5000.00 330.4 MAR 16590 Books